Responses for Show #6890 - Friday, July 25, 2014

2014 Teen Tournament quarterfinal game 5.

Contestants

[<< previous game]

Joe Taglic, a senior from Valley Stream, New York

Sydney Mokel, a senior from South Windsor, Connecticut

Sam Lerner, a sophomore from Indianapolis, Indiana

[next game >>]

Jeopardy! Round responses

HUNGER AIMS
IT'S A PLANET
AROUND THE BODY
SUMMER OLYMPIC SPORTS
HUE
CRY
    $200 30
a tortilla

Sydney
    $200 13
Venus

Sam
    $200 6
the elbow

Joe
    $200 1
(Joe: What is field?)

diving

SamJoe
    $200 9
red

Joe
    $200 22
wolf

Sydney
    $400 26
Slim Jim

Sam
    $400 14
Jupiter

Sam
    $400 16
ears

Sam
    $400 2
long jump

Joe
    $400 11
yellow

Joe
    $400 21
"for crying out loud"

Sam
    $600 29
(Joe: What are Doritos?)

Fritos

SamJoe
    $600 15
Mars

Joe
    $1,000 7
lungs

Joe
    $600 3
judo

Sam
    $600 10
black

Joe
    $600 23
uncle

Sydney
    $800 28
Arby's

Sam
    $800 18
(Sam: Who is Saturn?)

Uranus

SamSydney
    $800 17
instep

Joe
    $800 4
a relay

Sam
    $800 12
brown

Sydney
    $800 24
a river

Sam
    $1000 27
(Sam: What are green beans?)

asparagus

SamJoe
    $1000 20
Neptune

Joe
    $1000 8
the appendix

Sydney
    $1000 5
the javelin

Sam
    $1000 19
blue

Sam
    $1000 25
havoc

Joe

Scores at the first commercial break (after clue 15):

Sam Sydney Joe
$3,200 $1,800 $3,200

Scores at the end of the Jeopardy! Round:

Sam Sydney Joe
$5,800 $3,600 $6,400

Double Jeopardy! Round responses

STATE CAPITALS
BUGS
MOVIES
KNOW YOUR "RIGHT"S
NONFICTION
A CAMPUS TOUR
    $400 5
Albany

Joe
    $400 17
(Sydney: What is a centipede?)

a millipede

SamSydney
    $400 11
Pompeii

Joe
    $400 6
(Joe: What is a rights activist?)

playwright

SydneyJoe
    $400 19
Mount Everest

Sydney
    $400 18
dormitory

Sydney
    $800 2
(Joe: What is Hawaii?)

Honolulu

SamJoe
    $800 28
butterflies

Sydney
    $800 16
Walter Mitty

Sydney
    $800 7
stage fright

Sam
    $800 20
the Williams sisters (Venus & Serena)

Joe
    $800 24
laboratory

Joe
    $1200 1
Boise

Sydney
    $1200 21
praying mantis

Sam
    $1200 14
RoboCop

Joe
    $1200 8
the uprights

Sam
    $1200 15
Friday Night Lights

Sydney
    $1200 23
fraternity

Sydney
    $1,400 4
(Sam: What... is...)
(Alex: Hurry.)
(Sam: Harrisburg?)

Salt Lake City

Sam
    $1,400 29
beetles

Sydney
    $1600 12
Mary Poppins

Joe
    $1600 9
(Joe: What is outright?)

forthright

SamJoe
    $1600 26
Malala

Joe
    $1600 22
(Joe: What is a student [*]?)

union

Joe
    $2000 3
(Joe: What is Jackson?)
(Sydney: What is Columbia?)
(Sam: What is Montgomery?)

Baton Rouge

SamSydneyJoe
Triple Stumper
    $2000 30
mites

Sam
    $2000 13
Vampire Academy

Sydney
    $2000 10
copyright

Sydney
    $2000 27
Guns, Germs, and Steel

Triple Stumper
    $2000 25
gymnasium

Joe

Scores at the end of the Double Jeopardy! Round:

Sam Sydney Joe
$10,400 $13,000 $12,000

Final Jeopardy! Round responses

WEBSITES
(Alex: [To Sydney] Congratulations, young lady. And now let's see who the other semifinalists are.)
(Cooper: Cooper Lair, Little Rock, Arkansas.)
(Selena: Selena Groh, Arlington Heights, Illinois.)
(William: William Golden, Houston, Texas.)
(Alan: Alan Kulik, Boca Raton, Florida.)
(Alex: Now, those four people won their games this week. These are the four highest scorers among non-winners.)
(Jeff: Jeff Xie, Edison, New Jersey.)
(Kat: Kat Deabill, New Boston, New Hampshire.)
(Alex: And there are two more--these two, ladies and gentlemen. Sam Lerner and Joe Taglic.)
SamWhat is Facebook.com
$9,600
JoeWhat is facebook.com
$9,998
SydneyWhat is Facebook?
$11,001
Facebook

Final scores:

Sam Sydney Joe
$20,000 $24,001 $21,998
3rd place: $5,000 if eliminated Automatic semifinalist 2nd place: $5,000 if eliminated

Game dynamics:

Coryat scores:

Sam Sydney Joe
$11,800 $13,200 $11,600
20 R,
4 W
(including 1 DD)
17 R
(including 1 DD),
2 W
20 R
(including 1 DD),
6 W

Combined Coryat: $36,600

[game clues] [game scores] [suggest correction]

Game tape date: 2014-03-04
The J! Archive is created by fans, for fans. Scraping, republication, monetization, and malicious use prohibited; this site may use cookies and collect identifying information. See terms. The Jeopardy! game show and all elements thereof, including but not limited to copyright and trademark thereto, are the property of Jeopardy Productions, Inc. and are protected under law. This website is not affiliated with, sponsored by, or operated by Jeopardy Productions, Inc. Join the discussion at JBoard.tv.